[Event "FRA-chT3 Regionale 0708"]
[Site "France"]
[Date "2008.04.27"]
[Round "6.1"]
[White "Renard, Stephane"]
[Black "Venet, Alfred"]
[Result "1-0"]
[WhiteElo "1937"]
[BlackElo "1650"]
[PlyCount "87"]
[EventDate "2007.11.18"]
[EventType "team-tourn"]
[EventRounds "7"]
[EventCountry "FRA"]
[SourceTitle "EXT 2019"]
[Source "ChessBase"]
[SourceDate "2018.10.10"]
[SourceVersion "1"]
[SourceVersionDate "2018.10.10"]
[SourceQuality "1"]

1. f4 d5 2. Nf3 c5 3. e3 Nf6 4. b3 a6 5. Bb2 e6 6. d4 Nc6 7. Bd3 b5 8. c3 c4 9. Bc2 Bb7 10. 0-0 Be7 11. Nbd2 0-0 12. Ne5 Rc8 13. Rf3 g6 14. Rh3 Nh5 15. f5 Ng7 16. g4 Nxe5 17. dxe5 exf5 18. gxf5 Rc6 19. f6 Bxf6 20. exf6 Rxf6 21. Qe2 Re8 22. Rf1 Ree6 23. Nf3 Nh5 24. Nd4 Rxf1+ 25. Kxf1 Rf6+ 26. Ke1 Bc8 27. Rxh5 gxh5 28. Qxh5 h6 29. Bc1 Qf8 30. Qe5 Qg7 31. Qe8+ Qf8 32. Qe5 Qg7 33. Qe8+ Qf8 34. Qxf8+ Kxf8 35. Ba3+ Ke8 36. Bd1 Bh3 37. Bf3 Be6 38. Bd6 Kd7 39. Bf4 Kc8 40. b4 Kb7 41. Bh5 Bh3 42. Kf2 Bf5 43. Be5 Rb6 44. Nxf5 1-0

[Event "FRA-chT4 Regionale 9899"]
[Site "France"]
[Date "1998.11.08"]
[Round "2.1"]
[White "Venet, Alfred"]
[Black "Renard, Stephane"]
[Result "0-1"]
[WhiteElo "1600"]
[BlackElo "1860"]
[PlyCount "48"]
[EventDate "1998.??.??"]
[EventType "team-tourn"]
[EventRounds "7"]
[EventCountry "FRA"]
[SourceTitle "EXT 2019"]
[Source "ChessBase"]
[SourceDate "2018.10.10"]
[SourceVersion "1"]
[SourceVersionDate "2018.10.10"]
[SourceQuality "1"]

1. e4 e5 2. Nf3 d6 3. d4 f5 4. Nc3 fxe4 5. Nxe4 d5 6. Nc3 e4 7. Ne5 Nf6 8. Be2 Nc6 9. 0-0 Be7 10. Bh5+ g6 11. Be2 0-0 12. Bh6 Re8 13. f4 exf3 14. Bxf3 Nxe5 15. dxe5 Bc5+ 16. Kh1 Rxe5 17. Nxd5 Nxd5 18. Bxd5+ Qxd5 19. c4 Qxd1 20. Raxd1 Bf5 21. Rd5 Rxd5 22. cxd5 Be4 23. Rc1 Bd6 24. Rd1 Re8 0-1